000
00202nam a2200073Ia 4500
008
170817s9999 xx 000 0 und d
100
_a
N.C.E.R.T.
245
0
_a
National Curriculum Fremwork 2005 Education For Peace
260
_b
N.C.E.R.T
999
_c
38163
_d
38163